000 00670nam a22002417a 4500
003 UA-OsUOA
001 127023
007 ta
008 20171114b un ||||| |||| 00| 0 ukr d
100 _aГорлач Л.
090 _a821.161.2
_bГ69
942 _cBK
040 _aUA-OsUOA
_bukr
_cUA-OsUOA
_dUA-OsUOA
245 _aМамай. Мазепа
_bісторичні романи у віршах
300 _a364 с.
955 _a3
041 _aukr
080 _a821.161.2
020 _a978-966-2151-35-0
260 _aК.
_bЯрославыв Вал
_c2010
650 7 _a82 Література. Літературознавство
_2UDC
999 _c414195
_d414195